| 000 | 00576nam a22001815i 4500 | ||
|---|---|---|---|
| 001 | 165934 | ||
| 003 | ES-MaACL | ||
| 005 | 20230906213231.0 | ||
| 008 | 050913s1879 xxk | |||||||| ||eng d | ||
| 040 |
_aCAM _bspa _cCAM |
||
| 100 | 1 |
_aSymondson, F.W.H. _9132986 |
|
| 245 | 1 | 0 |
_aTwo years abaft the mast or Life as a sea apprentice / _cby F.W.H. Symondson. |
| 260 |
_aLondon : _bJ.C. Nimmo & Bain, _c1879. |
||
| 300 |
_aXII, 379 p. ; _c18 cm. |
||
| 740 | 0 | _aLife as a sea apprentice. | |
| 752 |
_aGran BretaƱa - _dLondres |
||
| 852 |
_aES-MaACL _jG-229 _z-- Enc. tela azul |
||
| 999 |
_c165934 _d165934 |
||